Dictionary of world history

Saved in:
Bibliographic Details
Format: Book
Language:English
Published: Oxford University Press 2016
Tags: Add Tag
No Tags, Be the first to tag this record!

MARC

LEADER 00000nam a22000007a 4500
008 210122b ||||| |||| 00| 0 eng d
020 |a  978-0-19-280700-7 
245 |a Dictionary of world history  |c Edmund Wright  |g 712p 
250 |b  2nd   |c  Wright Edmund  
260 |b  Oxford University Press  |c  2016  |d Books  |h New York  |i 689687  |l D9 .D54  |m History – Dictionaries 
942 |a lcc  |c BK  |e Adekanye I. H.  |f 22/01/2021 
952 |0 0  |1 0  |2 lcc  |4 0  |6 D0009 D54  |7 0  |9 1457  |a HOL  |b HOL  |c AF  |d 2021-01-22  |l 0  |o D9 .D54  |p 2021-0254  |r 2021-01-22 00:00:00  |w 2021-01-22  |y BK 
999 |c 761  |d 761